• 首页
  • 本馆介绍
  • 公告通知
  • 最新文献
  • 馆藏检索
  • 电子资源
  • 读者导购
  • 参考咨询
  • 我的图书馆
  • 登录
  • 详细信息显示
  • 放入我的书架
  • 预约/预借图书
  • 作者相关作品
  • 分类相关作品
  • 丛书相关作品
  • 出版社相关作品

书目信息

  • 表格格式
  • 工作单格式
  • 卡片格式
题名:
俄译汉教程
    
 
作者: 靳慰然 , 曹书勋 , 蔡毅 编
分册: 上册  
出版信息: 北京   外语教学与研究出版社  1981
页数: 287页
开本: 21cm
丛书名:
单 册:
中图分类: H355.9
科图分类:
主题词: 俄语-翻译--高等学校--教材 , 翻译-俄语--高等学校--教材
电子资源:
ISBN:
000 00794nam0 2200277 45
001 0181005481
005 20060817083029.07
010    @dCNY1.00
091    @a7215.13
100    @a19950425d1981 em y0chiy0121 ea
101 0  @achi@arus
102    @aCN@b110000
105    @ay z 000yy
200 10 @a俄译汉教程@h上册@Ae yi han jiao cheng@f蔡毅,靳慰然,曹书勋编@FCai Yi,Jin Wei Ran,Cao Shu Xun Bian
210    @a北京@c外语教学与研究出版社@d1981
215    @a287页@d21cm
300    @a高等学校教材
606    @a俄语-翻译@x高等学校@x教材
606    @a翻译-俄语@x高等学校@x教材
690    @aH355.9@v3
701  0 @a靳慰然@4编
701  0 @a曹书勋@4编
701  0 @a蔡毅@Acai yi@4编
801  2 @aCN@bNLC@c20060817
801  0 @aCN@b上海图书馆@c20040511
905    @f1@b206327@dH355.9@e100:1
    
    俄译汉教程.上册/蔡毅,靳慰然,曹书勋编.-北京:外语教学与研究出版社,1981
    287页;21cm
    高等学校教材
    
    ISBN :CNY1.00
    
●
相关链接 在E读中查询图书 在五车中查询图书 在当当中查询图书 在豆瓣中查询图书


正题名:俄译汉教程     索取号:H355.9/100:1         预约/预借

序号 登录号 条形码 馆藏地/架位号 状态 备注
1 0206324   001062619   密集书库/ [索取号:H355.9/100:1] 在馆    
2 0206325   001062655   密集书库/ [索取号:H355.9/100:1] 在馆    
3 0206326   001062628   第四借阅区/ [索取号:H355.9/100:1] 在馆    
4 0206327   001062637   密集书库/ [索取号:H355.9/100:1] 在馆    
5 0206328   001062646   第二样本阅览室/ [索取号:H355.9/100:1] 在馆    
6 0465994   204659949   密集书库/ [索取号:H355.9/100:1] 在馆    
7 0465995   204659958   密集书库/ [索取号:H355.9/100:1] 在馆    
8 0465996   204659967   密集书库/ [索取号:H355.9/100:1] 在馆    
9 0465997   204659976   密集书库/ [索取号:H355.9/100:1] 在馆    
10 0465998   204659985   密集书库/ [索取号:H355.9/100:1] 在馆    
11 0465999   204659994   密集书库/ [索取号:H355.9/100:1] 在馆    
12 0466000   204660009   密集书库/ [索取号:H355.9/100:1] 在馆    
13 0466001   204660018   密集书库/ [索取号:H355.9/100:1] 在馆    
14 0466002   204660027   密集书库/ [索取号:H355.9/100:1] 在馆    
15 0466003   204660036   密集书库/ [索取号:H355.9/100:1] 在馆    
16 0466004   204660045   密集书库/ [索取号:H355.9/100:1] 在馆    
唐山师范学院图书馆 欢迎您!
大连网信软件有限公司© 版权所有